000 00663nam a2200181 i 4500
001 128945
003 ES-MaACL
005 20230906193411.0
007 t|
008 070531s1925 sp ||||1| spa d
100 1 _aTéllez de Meneses y Sánchez, José.
_9109640
245 1 0 _aOración inaugural leída en la apertura del curso de 1925 a 1926 /
_cpor el Dr. D. José Téllez de Meneses y Sánchez.
260 _aSalamanca :
_bFrancisco Nuñez,
_c1925.
300 _a31 p. ;
_c29 cm.
500 _aTema: La Universidad salmantina y su riqueza bibliográfica.
594 _aPrecede al tít.: Universidad de Salamanca.
852 _aES-MaACL
_j1683-F-11
_bR.5454
999 _c128945
_d128945